000 00465nam a2200133 4500
999 _c11294
_d11294
008 181113b ||||| |||| 00| 0 eng d
082 _aDPer 050 T48 Apr-June 2016 v. 187, n. 12-24.
100 _932506
_aSteinmetz, Katy
245 _aWhy more companies are coming of the political closet/
_cKaty Steinmetz.
260 _aHong Kong;
_bTime Asia,
_cc2016.
300 _av187 n13, pages 15-16:
_billustrations;
_c27 cm.
650 0 _932507
_aBusiness.
942 _2ddc
_cPER